Statistics for The Only U.S. State ... #2

Click here to take the quiz!

General Stats

  • This quiz has been taken 25,515 times
  • The average score is 11 of 20

Answer Stats

The only U.S. state that ...State% Correct
has land north of the Arctic CircleAlaska
99%
touches the Gulf of Mexico and the Atlantic Ocean proper
Florida
92%
has old-growth giant sequoiasCalifornia
84%
has more than 5 million people living on islandsNew York
81%
borders New BrunswickMaine
77%
is also a last name used by > 100,000 AmericansWashington
73%
is more than 1/3rd covered by lakesMichigan
68%
treats polygamy as a civil infraction, not a crimeUtah
58%
has a legal system partially based on the Napoleonic CodeLouisiana
52%
has no commercial airportsDelaware
47%
is more than 90% covered by farmlandNebraska
47%
was once a kingdomHawaii
46%
is named, partially, for its founderPennsylvania
43%
has a capital city whose name is a common first name in France
South Dakota
40%
every one of its counties is deemed an "urban county"
by the Census Bureau
New Jersey
35%
has a capital city named for a GermanNorth Dakota
35%
has a non-rectangular flagOhio
30%
has increased in population by more than 1000% since 1960
Nevada
25%
doesn't require people to wear seat belts
New Hampshire
21%
has two panhandlesWest Virginia
19%

Score Distribution

Percentile by Number Answered

Percent of People with Each Score

Your Score History

You have not taken this quiz